|
|
|
|
| LEADER |
00828cam a2200229 7i4500 |
| 001 |
0000045609 |
| 005 |
20170310090000.0 |
| 020 |
|
|
|a 9780415470162 (pbk.)
|
| 020 |
|
|
|a 9780415470155 (hbk.)
|
| 020 |
|
|
|a 0415470153 (pbk.)
|
| 020 |
|
|
|a 0415470161 (pbk.)
|
| 090 |
0 |
0 |
|a HM585
|b .R44 2010
|
| 245 |
0 |
4 |
|a The Routledge companion to social theory
|c edited by Anthony Elliott ; with the assistance of Daniel Mendelson.
|
| 260 |
|
|
|a London:
|b Routledge,
|c 2010.
|
| 300 |
|
|
|a xiv, 327 p.;
|c 24 cm.
|
| 650 |
0 |
0 |
|a Sociology --
|x Philosophy
|
| 650 |
0 |
0 |
|a Social sciences --
|x Philosophy
|
| 700 |
1 |
|
|a Elliott, Anthony
|
| 700 |
1 |
|
|a Mendelson, Daniel
|
| 997 |
|
|
|a Education & Social Sciences, Faculty
|b Social Sciences, Department
|
| 998 |
|
|
|a Industrial Psychology, Degree
|
| 999 |
|
|
|a 0000055808
|b BOK
|c OPEN SHELF
|e 1st Floor, Bestari Jaya
|